000 00516nam a2200181Ia 4500
008 151018s9999 xx 000 0 und d
082 _bRBASDV59873
_a891.438
100 _aनीलाभ
245 _aसन्नाटे की चीख
250 _b1
260 _bअपराजिता
_c2011
300 _a166
600 _aनीलाभ
630 _aसन्नाटे की चीख
700 _aनीलाभ
730 _aसन्नाटे की चीख
942 _cBOOK
999 _c1053598
_d1053595